Přeshraniční cestovní ruch - příklad regionu Ašského výběžku

Pohraničie a cezhraničná spolupráca. Cezhraničný cestovný ruch. Spolupráca obcí v Ašskom výbežku s Bavorskom. Podpora spolupráce z rozvojových fondov EÚ na podporu cezhraničnej spolupráce. Právne aspekty cezhraničnej spolupráce. Výsledky dotazníkového prieskumu, ktorého cieľom bolo zistiť, ako sa m...

ver descrição completa

Na minha lista:
Detalhes bibliográficos
Autor principal: Novotný, Lukáš
Formato: Capítulo de Livro
Idioma:tcheco
Assuntos:
Tags: Adicionar Tag
Sem tags, seja o primeiro a adicionar uma tag!

MARC

LEADER 00000nla a2200000 4500
001 0241687
005 20240417075134.2
041 0 |a cze 
044 |a CZ 
245 1 0 |a Přeshraniční cestovní ruch - příklad regionu Ašského výběžku  |c Lukáš Novotný 
520 |a Pohraničie a cezhraničná spolupráca. Cezhraničný cestovný ruch. Spolupráca obcí v Ašskom výbežku s Bavorskom. Podpora spolupráce z rozvojových fondov EÚ na podporu cezhraničnej spolupráce. Právne aspekty cezhraničnej spolupráce. Výsledky dotazníkového prieskumu, ktorého cieľom bolo zistiť, ako sa miestne obyvateľstvo stavia k cezhraničnej spolupráci, aké témy považuje za pespektívne, čo ich zaujíma v susednom Bavorsku a Sasku, akú úlohu tu má cestovný ruch a hodnotí kvalitu života a kultúrnu ponuku vo vlastnom regióne ako aj susedných spolkových krajoch Nemecka. 
610 2 0 |a spolupráca cezhraničná 
610 2 0 |a regióny 
610 2 0 |a ruch cestovný 
610 2 0 |a Nemecko 
610 2 0 |a Česko 
100 1 |a Novotný, Lukáš